Management accounting: (Record no. 23436)

MARC details
000 -LEADER
fixed length control field 00856nam a22002177a 4500
008 - FIXED-LENGTH DATA ELEMENTS--GENERAL INFORMATION
fixed length control field 090211t xxu||||| |||| 00| 0 eng d
010 ## - LCCN (DPL NO)
LC control number ENG-92941
020 ## - INTERNATIONAL STANDARD BOOK NUMBER
Terms of availability 150.00
International Standard Book Number 9788190752749
035 ## - SYSTEM CONTROL NUMBER
System control number EN-76474
037 ## - SOURCE OF ACQUISITION
Source of stock number/acquisition DBAD / PUB
040 ## - CATALOGING SOURCE
Original cataloging agency dpl
Language of cataloging English
082 ## - DEWEY DECIMAL CLASSIFICATION NUMBER
Classification number 658.1511
100 ## - MAIN ENTRY--PERSONAL NAME
Personal name Rajasekaran, B.
245 ## - TITLE STATEMENT
Title Management accounting:
Remainder of title problems and solutions /
Statement of responsibility, etc by B. Rajasekaran
260 ## - PUBLICATION, DISTRIBUTION, ETC. (IMPRINT)
Place of publication, distribution, etc Tirupur
Name of publisher, distributor, etc Vishal Publications
Date of publication, distribution, etc 2008
270 ## - ADDRESS
Address No. 18, Sakthi Garden, Malayampalayam Pirivu, Ganapathypalayam Po,
City Triupur
Postal code 5
300 ## - PHYSICAL DESCRIPTION
Extent 181p.
Dimensions 20cm (pbk)
650 ## - SUBJECT ADDED ENTRY--TOPICAL TERM
Topical term or geographic name as entry element Managerial accounting.
942 ## - ADDED ENTRY ELEMENTS (KOHA)
Source of classification or shelving scheme Dewey Decimal Classification
Item type English Books
Call number suffix RAJ
Classification part 658.1511
Holdings
Withdrawn status Lost status Source of classification or shelving scheme Damaged status Not for loan Collection code Home library Current library Date acquired Source of acquisition Cost, normal purchase price Total Checkouts Full call number Barcode Date last seen Copy number Cost, replacement price Koha item type
    Dewey Decimal Classification   Not For Loan Non-fiction D.B.Act.Division D.B.Act.Division 11/02/2009 DBAD / PUB 150.00   658.1511 RAJ EN-76474 11/02/2009 1 150.00 English Books

© Delhi Public Library
Hit Counter
free hit counter